|
|
|
|
| LEADER |
00768nab a2200229 i 4500 |
| 001 |
publ32434 |
| 005 |
20250303120145.0 |
| 008 |
250303s1995 hu o 000 gre d |
| 022 |
|
|
|a 1105-204X
|
| 024 |
7 |
|
|a 2276820
|2 mtmt
|
| 040 |
|
|
|a SZTE Publicatio Repozitórium
|b hun
|
| 041 |
|
|
|a gre
|
| 100 |
1 |
|
|a Budai Mária
|
| 245 |
1 |
0 |
|a lúvöpopo Papillon - Lefevre
|h [elektronikus dokumentum] :
|b [case report] = Papillon - Lefevre syndrome /
|c Budai Mária
|
| 260 |
|
|
|c 1995
|
| 300 |
|
|
|a 45-48
|
| 490 |
0 |
|
|a ORTHODONTIKE EPITHEORESE
|v 7 No. 1-2
|
| 650 |
|
4 |
|a Klinikai orvostan
|
| 700 |
0 |
2 |
|a L. Kókai Erzsébet
|e aut
|
| 700 |
0 |
2 |
|a Kertész Annamária
|e aut
|
| 700 |
0 |
2 |
|a Sewon Liisi
|e aut
|
| 856 |
4 |
0 |
|u http://publicatio.bibl.u-szeged.hu/32434/1/aok_klny_22_95.pdf
|z Dokumentum-elérés
|